| 000 | 00428nam a2200181 4500 | ||
|---|---|---|---|
| 999 |
_c79050 _d79050 |
||
| 001 | 18791 | ||
| 003 | OSt | ||
| 005 | 20221206124034.0 | ||
| 007 | tu | ||
| 008 | 170412s1992||||||| ger | ||
| 040 |
_aDE-2950 _cDE-2950 |
||
| 245 | 0 | 0 |
_aKirche in Celle: _bBeiträge zur Kirchengeschichte. |
| 264 |
_aCelle: _bSchweiger & Pick, _c1992. |
||
| 300 | _a286 S. : Abb. | ||
| 365 | _c€ | ||
| 546 | _adeutsch | ||
| 942 |
_2z _cB |
||